000 00284nam a2200133Ia 4500
008 231129s1971||||xx |||||||||||||| ||spa||
040 _bspa
082 _aF843 S594h
100 _aSimon Claude
245 0 _aHistoria
260 _c1971
264 _aSeix Barral
942 _2ddc
_cBKS
999 _c15044
_d15044